Statistics for Capitals of Flags Letter P

Click here to take the quiz!

General Stats

  • This quiz has been taken 14 times
  • The average score is 9 of 10

Answer Stats

Answer% Correct
Islamabad
100%
Lima
100%
Manila
100%
Panama City
100%
Warsaw
100%
Lisbon
93%
Asunción
86%
Port Moresby
71%
Ngerulmud
64%
Jerusalem
57%

Score Distribution

Percentile by Number Answered

Percent of People with Each Score

Your Score History

You have not taken this quiz